[Event "7th RTU Open 2017"]
[Site "Riga"]
[Date "2017.08.08"]
[Round "2"]
[White "Lei, Tingjie"]
[Black "Bente, Bjoern"]
[Result "1-0"]
[WhiteElo "2514"]
[BlackElo "2310"]
[Annotator "TA"]
[PlyCount "69"]
[EventDate "2017.??.??"]
[EventType "swiss"]
[EventCountry "LAT"]
[SourceTitle "playchess.com"]
[Source "ChessBase"]
[SourceQuality "1"]

{[%evp 10,69,13,19,29,20,20,24,24,23,28,25,31,14,27,19,30,30,26,12,11,22,23,0,35,12,22,31,70,81,70,60,87,62,135,143,422,440,427,437,429,430,428,409,424,433,391,404,695,623,667,445,518,517,601,560,545,470,570,554,638,641]} 1. e4 {[%cal Be2e4,Be4e5][%mdl 32]} c6 2. d4 d5 3. e5 Bf5 4. Nd2 e6 5. Nb3 Nd7 6. Nf3 Ne7 {B12: Caro-Kann: Advance Variation} 7. Be2 Nc8 8. O-O Be7 {White has an edge.} 9. a4 O-O 10. a5 a6 11. Ne1 c5 12. g4 $146 ({Predecessor:} 12. Nxc5 Nxc5 13. dxc5 Bxc5 14. Bd3 {1-0 (48) Karjakin,S (2771)-Shyam,S (2468) Dubai 2014}) 12... Bg6 13. f4 {Strongly threatening f5.} Be4 14. c3 cxd4 15. cxd4 Na7 16. Nd2 Nc6 17. Nxe4 dxe4 18. Be3 Bb4 19. Qc2 Bxa5 20. Qxe4 Bxe1 21. Raxe1 Qe7 (21... Nb6 $14) 22. f5 $16 {And now f6! would win.} Kh8 $2 {[%mdl 8192] [#]} (22... Rfd8 $16 23. Rd1 (23. fxe6 fxe6 24. g5 g6 $16) 23... Nb6) 23. f6 $1 $18 {[%mdl 512]} gxf6 24. Bd3 {[%csl Gd3][%cal Re4h7]} f5 25. gxf5 Rg8+ 26. Kh1 Nf8 27. Rg1 {[#] aiming for Rxg8+.} exf5 28. Qxf5 Rxg1+ (28... Qe6 $142 29. Qf3 Rxg1+ 30. Rxg1 Ng6) 29. Rxg1 {Black must now prevent Bg5.White is clearly winning.} Qe6 30. Bg5 {Bf6+ would kill now.} Qxf5 31. Bxf5 {[%cal Rg5f6]} Ng6 32. d5 Nd4 33. Be4 Kg7 34. Bf6+ Kf8 35. Rd1 {Precision: White = 88%, Black = 45%.} 1-0

[Event "7th RTU Open 2017"]
[Site "Riga"]
[Date "2017.08.08"]
[Round "2"]
[White "Korchmar, Vasiliy"]
[Black "Nabaty, Tamir"]
[Result "0-1"]
[WhiteElo "2398"]
[BlackElo "2654"]
[Annotator "TA"]
[PlyCount "106"]
[EventDate "2017.??.??"]
[EventType "swiss"]
[EventCountry "LAT"]
[SourceTitle "playchess.com"]
[Source "ChessBase"]
[SourceQuality "1"]

{[%evp 14,106,22,12,17,9,18,0,6,10,11,0,0,-3,-6,-10,-13,-26,-18,-25,-6,-15,-8,-38,-10,-24,-18,-22,0,0,0,0,0,0,0,0,0,0,0,0,22,14,2,14,56,51,66,62,66,53,83,72,73,50,55,14,14,14,14,14,14,14,14,14,15,16,16,0,19,18,18,17,35,10,25,0,0,-9,0,0,0,0,0,0,0,-79,-85,-79,-62,-1133,-1108,-1111,-1039,-1029,-949]} 1. d4 d5 {[%cal Bd7d5,Bd5c4][%mdl 32]} 2. c4 c6 3. Nf3 Nf6 4. g3 dxc4 5. Bg2 g6 6. O-O Bg7 7. a4 O-O 8. Na3 {LiveBook: 37 Games. D73: Fianchetto Grünfeld: 5 Nf3} Ne4 (8... Be6 9. Ng5 Bf5 10. Nxc4 h6 11. Nf3 Nbd7 12. a5 Be4 13. b3 b5 14. axb6 axb6 15. Bb2 Qc7 {½-½ (43) Laznicka,V (2679)-Vitiugov,N (2742) Dubai 2014}) 9. Nxc4 Be6 10. Qc2 {The position is equal.} (10. b3 {looks sharper.} Nd6 11. Nce5 Qb6 12. Rb1 Bf5 13. Nd3) 10... Nd6 11. Nxd6 exd6 $146 ({Predecessor:} 11... Qxd6 12. Bf4 Qb4 13. Qc3 Na6 14. Ne5 Rfd8 15. Rfd1 f6 {1-0 (59) Piesik,P (2207)-Molenda,M (1910) Krakow 2013}) 12. Bg5 Qd7 13. b4 Na6 {[%cal Bb8a6,Ba6c7,Bc7d5][%mdl 32]} 14. Qd2 Bd5 15. h4 Rfe8 16. Kh2 Nc7 17. Rfe1 Be4 18. Bh3 Bf5 19. Bxf5 Qxf5 20. Qf4 Nd5 21. Qxf5 gxf5 22. Bd2 c5 23. bxc5 dxc5 24. Rab1 b6 25. dxc5 bxc5 26. Rb5 Rac8 27. Rc1 Bf8 $1 28. e3 Nf6 29. Be1 a6 30. Rb6 Re6 31. a5 Rd8 32. Rcb1 Nd5 33. Rb8 (33. Rb7 {seems wilder.} c4 34. Nd4 Ree8 35. Nxf5 Rc8 36. Rd7) 33... Ree8 34. Rxd8 (34. R8b7 {looks sharper.} c4 35. Rc1 Rc8 36. Rd7 Rc5 37. Nd4) 34... Rxd8 35. Ne5 Nb4 36. Kg2 f6 37. Nc4 Kf7 38. Kf3 Ke6 39. Ke2 Rb8 40. Rd1 Be7 41. Nb6 Nc6 42. Bc3 Rb7 43. Nd5 Nb4 44. Nxe7 (44. Nf4+ {keeps more tension.} Kf7 45. Rd2 Rb5 46. Rd7 Rxa5 47. Ra7) 44... Kxe7 $11 {[%mdl 4096] Endgame KRB-KRN} 45. Rd2 Ke6 46. Rd8 Nd5 47. Be1 c4 {[%cal Bc5c4,Bc4c3,Bc3c2][%mdl 32]} 48. Rc8 Rc7 49. Ra8 (49. Rxc7 $11 {remains equal.} Nxc7 50. Bc3) 49... c3 $17 50. Rxa6+ {[#]} Kf7 $1 51. Rd6 $2 {[%mdl 8192] [#]} (51. Kf3 $15) 51... c2 $1 $19 {[%cal Rc2c1] Black is clearly winning.} 52. Bd2 Nc3+ 53. Kd3 Ne4 {Precision: White = 47%, Black = 70%.} 0-1

[Event "7th RTU Open 2017"]
[Site "Riga"]
[Date "2017.08.08"]
[Round "2"]
[White "Ikeda, Junta"]
[Black "Jumabayev, Rinat"]
[Result "1/2-1/2"]
[WhiteElo "2397"]
[BlackElo "2610"]
[Annotator "TA"]
[PlyCount "123"]
[EventDate "2017.??.??"]
[EventType "swiss"]
[EventCountry "LAT"]
[SourceTitle "playchess.com"]
[Source "ChessBase"]
[SourceQuality "1"]

{[%evp 23,123,50,37,13,10,6,13,-43,-30,-53,-39,-55,0,-26,-20,-38,0,-6,17,0,9,16,17,-24,0,-21,23,9,16,7,33,-13,0,0,0,-7,0,0,32,31,22,0,0,0,0,0,40,14,12,-63,13,0,-8,-13,0,0,35,0,0,0,10,-13,-13,-13,-13,-13,-12,-8,62,59,56,57,64,58,71,79,91,64,92,92,132,78,89,79,114,111,139,97,101,79,115,87,86,0,0,0,0,0,0,0,0,0]} 1. e4 e5 2. Nf3 Nc6 3. Bb5 a6 4. Ba4 Nf6 5. O-O Be7 6. d3 d6 7. c3 O-O 8. Re1 Re8 9. Nbd2 {C84: Closed Ruy Lopez: Unusual White 6th moves} Bf8 10. Nf1 (10. h3 h6 11. d4 b5 12. Bc2 Bb7 13. a4 exd4 14. cxd4 Nb4 15. Bb1 c5 16. d5 Nd7 17. Ra3 c4 18. axb5 axb5 19. Nd4 Rxa3 20. bxa3 Nd3 21. Bxd3 cxd3 22. Bb2 Nc5 23. Bc3 Qb6 24. Re3 Bc8 25. N4b3 Qa6 26. Bb4 Qa4 27. Qb1 f5 28. exf5 Rxe3 29. fxe3 Bxf5 30. Nd4 Bd7 31. N4f3 Bf5 {½-½ (31) Yu,Y (2750)-Harikrishna,P (2758) Shenzhen 2017}) 10... g6 11. Ng3 Bg7 12. h3 b5 {LiveBook: 3 Games} 13. Bb3 Na5 14. Bc2 c5 15. d4 (15. Be3 $11) 15... cxd4 $15 16. cxd4 exd4 17. Nxd4 Qb6 (17... Bb7 $1 $15) 18. Nf3 Bb7 19. Be3 {[#]} Qc7 $146 ({Predecessor:} 19... Qd8 20. Bd4 Nc6 21. Bc3 b4 22. Bd2 {½-½ (53) Stefanova,A (2478)-Hebden,M (2549) Catalan Bay 2004}) 20. Rc1 Qe7 21. Bd3 Nd7 22. Qd2 Nc6 23. Nh2 h5 24. Bg5 Bf6 (24... Qe5 {is more complex.} 25. b3 Qb2 26. Rc2 Qd4 27. Nf3 Qb4) 25. Bxf6 Qxf6 26. Bb1 Rad8 27. Ne2 Nb6 28. b3 d5 29. Qf4 Qe7 {[%cal Rd5e4]} 30. Ng3 d4 31. Nf3 Nd7 32. Red1 Nde5 33. Nxe5 Nxe5 34. f3 Rd6 35. Nf1 Red8 36. Nh2 (36. Qd2 $11) 36... Rc6 ({Black should try} 36... g5 $15 37. Qd2 d3) 37. Qd2 Rxc1 38. Rxc1 d3 39. Nf1 Qd6 40. Re1 Qd4+ 41. Qe3 Qc3 42. f4 Nc6 43. Rc1 Qb2 44. Rd1 Nb4 45. f5 $1 Qe5 (45... Kg7 $11) 46. a3 $14 Nc6 47. Rxd3 Rxd3 48. Bxd3 Qd6 49. b4 Ne5 50. Be2 Qc6 51. Nd2 Qc1+ {[#]} 52. Bf1 ({White should play} 52. Kf2 $1) 52... Qb2 $16 53. fxg6 fxg6 54. Nf3 ({But not} 54. Qb6 Qxd2 55. Qxb7 Qe3+ 56. Kh1 Qf4 $11) 54... Nf7 55. Be2 Qb1+ 56. Kf2 Nd6 57. Nd2 Qb2 58. Kf3 (58. e5 $16 Qxd2 59. Qxd2 Ne4+ 60. Ke3 Nxd2 61. Kxd2) 58... Qf6+ $11 {The position is equal.} 59. Qf4 Qc3+ 60. Qe3 Qf6+ 61. Qf4 Qc3+ 62. Qe3 {Precision: White = 42%, Black = 40%.} 1/2-1/2

[Event "7th RTU Open 2017"]
[Site "Riga"]
[Date "2017.08.08"]
[Round "2"]
[White "Saveliev, Alexei"]
[Black "Bogner, Sebastian"]
[Result "1-0"]
[WhiteElo "2396"]
[BlackElo "2600"]
[Annotator "TA"]
[PlyCount "71"]
[EventDate "2017.??.??"]
[EventType "swiss"]
[EventCountry "LAT"]
[SourceTitle "playchess.com"]
[Source "ChessBase"]
[SourceQuality "1"]

{[%evp 31,71,0,0,-5,18,6,35,33,36,31,29,25,18,27,12,24,59,66,80,79,180,173,177,185,229,100,276,162,167,148,134,38,343,342,622,544,526,508,527,530,526,505]} 1. e4 c5 2. Nf3 d6 3. d4 cxd4 4. Nxd4 Nf6 5. Nc3 a6 6. Be2 e6 7. O-O Qc7 8. f4 Be7 9. Be3 O-O 10. Bf3 Nc6 11. a4 Re8 12. Kh1 Nxd4 13. Qxd4 e5 14. Qd2 exf4 15. Bxf4 Be6 {B85: Sicilian Scheveningen: 6 Be2 a6, lines with early Be3} 16. Rad1 Rad8 {[#] LiveBook: 8 Games} 17. Rfe1 $146 ({Predecessor:} 17. h3 Rd7 18. Rfe1 Red8 19. Re3 h6 20. Rd3 Bc4 21. Rd4 Be6 22. Rd3 Bc4 23. Rd4 Be6 24. Be3 Rc8 25. Bf4 {½-½ (25) Landa,K (2550)-Movsesian,S (2647) Tripoli 2004}) 17... Kh8 {The position is equal.} 18. Bg3 Qb6 19. b3 Qc7 20. Ne2 Ng4 21. Bxg4 (21. Nf4 $5 {[%cal Rf4e6]} Ne5 22. Bh5 $14 (22. Nxe6 fxe6 23. Be2 Rf8 $11)) 21... Bxg4 22. h3 Bh5 23. Qd5 Bg6 24. c4 Bf8 25. Nf4 $36 {[%mdl 2048] White is really pushing.} Kg8 (25... Qc6 $16) 26. Nxg6 $18 hxg6 27. Rf1 b6 {[#]} 28. Rf3 (28. a5 $1 $18 {[%mdl 512] and the rest is easy.}) 28... Re6 $2 (28... Qa7 $16 {is a better defense.}) 29. e5 (29. Rdf1 $142) 29... Be7 30. exd6 Bxd6 {[#]} 31. Rfd3 (31. a5 $1 $16 {[%cal Ra5b6][%mdl 512] Hoping for axb6.} Kh7 (31... bxa5 32. c5) 32. Rff1 (32. axb6 Qxb6 33. Bf2 Qc7 $14)) 31... Kf8 $2 {[%mdl 8192]} (31... Qe7 $1 $14) 32. b4 {[%cal Bb3b4,Bb4c5][%mdl 32]} ({Not} 32. Bxd6+ Rexd6 33. Qxd6+ Rxd6 $16) 32... Ke7 $2 (32... Kg8 33. c5 (33. Bxd6 Rexd6 34. Qxd6 Rxd6 $14) 33... Bxg3 34. Qxd8+ Qxd8 35. Rxd8+ Kh7) 33. Bh4+ {White is clearly winning.} f6 {[#]} 34. c5 $1 {[%mdl 512]} bxc5 35. bxc5 g5 36. Bf2 {Precision: White = 34%, Black = 29%.} 1-0

[Event "7th RTU Open 2017"]
[Site "Riga"]
[Date "2017.08.08"]
[Round "2"]
[White "Agmanov, Zhandos"]
[Black "Tregubov, Pavel V"]
[Result "1/2-1/2"]
[WhiteElo "2393"]
[BlackElo "2593"]
[Annotator "TA"]
[PlyCount "41"]
[EventDate "2017.??.??"]
[EventType "swiss"]
[EventCountry "LAT"]
[SourceTitle "playchess.com"]
[Source "ChessBase"]
[SourceQuality "1"]

{[%evp 27,41,31,58,0,0,0,0,0,0,0,0,0,0,0,5,0]} 1. e4 c5 2. Nf3 {[%cal Bg1f3,Bf3d4,Bd4b5,Bb5c3,Bc3e2][%mdl 32]} e6 3. d4 cxd4 4. Nxd4 Nc6 5. Nc3 Nf6 6. Ndb5 Bb4 7. a3 Bxc3+ 8. Nxc3 d5 9. exd5 exd5 10. Bd3 O-O 11. O-O d4 12. Ne2 Bg4 13. Bg5 Qd6 14. Qd2 {B45: Sicilian Four Knights} h6 {[#] LiveBook: 3 Games} 15. Bxh6 $146 {[%mdl 512]} ({Predecessor:} 15. Bf4 Qd7 16. Bxh6 Bxe2 17. Bxg7 Bxd3 18. Bxf6 Qf5 19. Qh6 Qh7 20. Qg5+ Bg6 21. f4 Qh5 {0-1 (57) Adhiban,B (2666)-Tregubov,P (2585) Doha 2016}) 15... gxh6 $11 {The position is equal.} 16. f3 $1 Bh5 {White must now prevent ...Kg7.} 17. Qxh6 Bg6 $1 18. Bxg6 fxg6 19. Qxg6+ Kh8 20. Qh6+ Kg8 21. Qg6+ 1/2-1/2

[Event "7th RTU Open 2017"]
[Site "Riga"]
[Date "2017.08.08"]
[Round "2"]
[White "Sveshnikov, Vladimir"]
[Black "Neiksans, Arturs"]
[Result "0-1"]
[WhiteElo "2377"]
[BlackElo "2582"]
[Annotator "TA"]
[PlyCount "64"]
[EventDate "2017.??.??"]
[EventType "swiss"]
[EventCountry "LAT"]
[SourceTitle "playchess.com"]
[Source "ChessBase"]
[SourceQuality "1"]

{[%evp 12,64,0,-6,4,4,16,26,28,32,39,14,11,-14,10,7,26,0,0,-21,-10,-58,-61,-53,-47,-93,-71,-65,-68,-73,-75,-202,-127,-114,-114,-118,-112,-152,-165,-145,-150,-156,-153,-189,-189,-277,-277,-392,-382,-862,-567,-526,-436,-607,-607]} 1. e4 e5 2. Nc3 Nf6 3. Bc4 Nxe4 4. Qh5 Nd6 5. Bb3 Be7 6. Qxe5 O-O {C27: Vienna Game: 2...Nf6 3 Bc4 Nxe4} 7. Nge2 {LiveBook: 3 Games} (7. d4 Nc6 8. Qf4 Na5 9. Bd5 Ne8 10. Bf3 Nc6 11. Nd5 Bd6 12. Qd2 b6 13. Ne2 Nf6 14. Ne3 {½-½ (43) Caruana,F (2782)-Giri,A (2734) Wijk aan Zee 2014}) 7... Ne8 8. d4 {[%cal Bd2d4,Bd4d5][%mdl 32]} c6 $146 {The position is equal.} ({Predecessor:} 8... d6 9. Qg3 Nf6 10. h4 Kh8 11. h5 h6 12. Bf4 Nc6 13. f3 Na5 14. Qh2 Nxb3 15. axb3 {0-1 (52) Jakubowski,K (2510)-Leniart,A (2455) Ostroda 2011}) 9. d5 d6 10. Qg3 c5 11. O-O Nd7 12. Ne4 Ndf6 13. Nxf6+ Bxf6 14. c4 g6 15. Re1 Be5 16. f4 Bf6 17. Qf3 Ng7 18. Ng3 Bd4+ 19. Kh1 Re8 20. Rxe8+ Qxe8 21. Bc2 (21. Bd2 $17) 21... Qe1+ 22. Qf1 Qxf1+ 23. Nxf1 Bg4 24. Bd3 Re8 $36 {[%mdl 2048] [#] Threatens to win with ...Re1. Black is really pushing.} 25. Bd2 Be2 26. Bxe2 Rxe2 27. Rb1 Nf5 28. b3 (28. g3 {is a better defense.}) 28... Nh4 $19 29. Re1 (29. g3 $142 Nf3 30. Rd1) 29... Rxg2 {[%csl Gd4][%cal Rg2g1] [#]} 30. Re8+ (30. Be3 $142 Bxe3 31. Rxe3) 30... Kg7 {[%csl Gd4][%cal Rg2g1] Black is clearly winning.} 31. Be3 Bxe3 32. Nxe3 Rxa2 {Precision: White = 29%, Black = 69%.} 0-1

[Event "7th RTU Open 2017"]
[Site "Riga"]
[Date "2017.08.08"]
[Round "2"]
[White "Miedema, David"]
[Black "Kulaots, Kaido"]
[Result "0-1"]
[WhiteElo "2373"]
[BlackElo "2577"]
[Annotator "TA"]
[PlyCount "89"]
[EventDate "2017.??.??"]
[EventType "swiss"]
[EventCountry "LAT"]
[SourceTitle "playchess.com"]
[Source "ChessBase"]
[SourceQuality "1"]

{[%evp 18,89,21,15,9,14,10,-19,83,72,85,12,11,-91,-94,-186,-179,-147,-75,-147,-116,-85,45,33,56,38,40,37,159,34,56,44,77,70,79,75,110,79,112,96,106,20,204,217,277,219,243,141,171,126,125,80,63,-293,-288,-266,-291,-282,-279,-277,-275,-325,-303,-492,0,-230,0,-486,-489,-475,-474,-5306,-5297,-5273]} 1. d4 Nf6 2. c4 e6 3. Nf3 d5 4. g3 Bb4+ 5. Bd2 Be7 6. Bg2 O-O 7. O-O Nbd7 8. Qc2 c6 9. Rd1 b6 10. Bf4 {LiveBook: 694 Games} Ba6 {E08: Closed Catalan: Main Line: 7 Qc2} (10... Bb7 11. Ne5 Nh5 12. Bd2 Nhf6 13. cxd5 cxd5 14. Nc6 Bxc6 15. Qxc6 Rc8 16. Qb5 Ne8 17. Qd3 Nd6 18. Nc3 Nf6 19. b3 Qd7 20. Rac1 Rfd8 21. Rc2 Nde4 22. Be1 {½-½ (22) Radjabov,T (2710)-Gelfand,B (2724) Moscow 2017}) 11. Ne5 Rc8 12. Qa4 Bxc4 (12... Nb8 $1 $11) 13. Nxc6 $16 ({Reject} 13. Nxc4 b5 $15) 13... Qe8 14. Nxa7 $146 (14. Nc3 $16) ({Find the theoretical novelty and annotate with similar games:} 14. Nc3 a5 15. e4 b5 16. Nxe7+ Qxe7 17. Nxb5 Nh5 18. Be3 dxe4 {½-½ (56) Rahman,A (2324)-Dragnev,V (2430) Khanty-Mansiysk 2016}) 14... Ra8 $11 15. Bf1 {[#]} (15. Na3 $11 {keeps the balance.} g5 16. Bc7) 15... b5 $1 $17 {[%mdl 512]} 16. Qa5 {[#]} (16. Qc2 $17 {keeps fighting.}) (16. Nxb5 Rxa4) 16... e5 $1 $19 {[%cal Re5f4][%mdl 512]} 17. dxe5 Ne4 (17... Ng4 $142 $1 18. b3 Bc5 19. bxc4 Bxf2+ 20. Kg2 g5 21. Bxg5 Rxa7 22. Qxb5 Qxe5) 18. b3 {[#]} (18. Be3 $142) 18... Nxf2 $1 {[%mdl 512]} 19. Kxf2 Rxa7 (19... Bc5+ $17 20. Ke1 Rxa7) 20. Qxa7 $14 Bc5+ 21. Qxc5 $1 Nxc5 22. bxc4 dxc4 (22... f6 $1 $14 23. e6 (23. Rxd5 $2 fxe5 24. e3 exf4 $19) 23... Ne4+ 24. Kg1 Qxe6) 23. Na3 (23. Nc3 $16) 23... Ne4+ 24. Kg1 $1 Qc6 {Strongly threatening ...Qc5+.} 25. Be3 {aiming for Bg2.} Nc3 26. Rd2 b4 27. Bg2 Qa6 28. Nc2 Qa5 29. Bd4 (29. Kh1 $16) 29... Na4 $2 (29... Nb5 $1 $11 30. Be3 Nc3) 30. Rdd1 $18 c3 31. Rab1 Nb2 32. Rdc1 ({Better is} 32. Rf1 $18) 32... Rd8 $16 33. e3 {Hoping for Nxb4!} Nd3 {[#]} 34. Rf1 $1 {Black must now prevent e6!} Qa4 35. Rbd1 $2 {[%mdl 8192]} (35. Ne1 $14 {stays ahead.} Nb2 36. Ra1) 35... Qxc2 $19 36. Be4 {[#]} Qxd1 $1 {[%mdl 512]} 37. Rxd1 c2 38. Rf1 c1=Q 39. Bxd3 Qc6 40. Rf2 $2 (40. Bb1 {is a better defense.}) 40... Qc1+ $2 ({Black should play} 40... Rc8 $19 {...Qa8 is the strong threat.} 41. Bf5 Rc7) 41. Kg2 $2 (41. Rf1 $11 {and White has nothing to worry.} Qc6 42. Rb1) 41... Qc6+ $2 (41... Rc8 42. Be4 Qc4) 42. Kg1 Rc8 {Black is clearly winning.} 43. Bf5 Rc7 44. Rb2 (44. Bg4 $142 Qc1+ 45. Rf1) 44... Qf3 {[%cal Rc7c1]} 45. Rc2 {Precision: White = 26%, Black = 46%.} 0-1

[Event "7th RTU Open 2017"]
[Site "Riga"]
[Date "2017.08.08"]
[Round "2"]
[White "Haldorsen, Benjamin"]
[Black "Vorobiov, Evgeny E"]
[Result "0-1"]
[WhiteElo "2362"]
[BlackElo "2569"]
[Annotator "TA"]
[PlyCount "68"]
[EventDate "2017.??.??"]
[EventType "swiss"]
[EventCountry "LAT"]
[SourceTitle "playchess.com"]
[Source "ChessBase"]
[SourceQuality "1"]

{[%evp 25,68,37,32,25,25,36,22,16,93,0,0,-97,-91,-91,-97,-485,-493,-504,-502,-499,-387,-391,-382,-837,-828,-785,-468,-695,-680,-693,-438,-685,-652,-793,-833,-752,-789,-1002,-1000,-1052,-1049,-1026,-990,-931,-760]} 1. e4 c5 2. Nf3 d6 3. d4 cxd4 4. Nxd4 Nf6 5. Nc3 a6 6. Be3 e6 7. Qd2 b5 {[%cal Bb7b5,Bb5b4][%mdl 32]} 8. f3 Nbd7 9. O-O-O Bb7 10. g4 h6 11. h4 b4 12. Na4 Qa5 13. b3 Nc5 $1 {[%cal Rc5a4]} 14. a3 {B80: Sicilian Scheveningen: 6 g3 and 6 Be3, including English Attack} Nxa4 (14... Rc8 15. Qxb4 Qc7 16. Nxc5 dxc5 17. Qa4+ Nd7 18. Ne2 Bc6 19. Qc4 Ne5 20. Qc3 Nxf3 21. Bf4 e5 22. Qxf3 exf4 23. Qxf4 {1-0 (44) Nakamura,H (2710)-Vachier Lagrave,M (2703) San Sebastian 2009}) 15. axb4 ({Avoid the trap} 15. bxa4 $2 d5 $19) 15... Qc7 {aiming for ...Nc3.} 16. bxa4 {The position is equal.} Nd7 {[#]} (16... d5 $11) 17. Rg1 (17. c4 $1 $16) 17... d5 $11 18. f4 $146 {[#]} (18. g5 $11 {remains equal.} hxg5 19. Bxg5) ({Predecessor:} 18. g5 hxg5 19. Bxg5 Qb6 20. c3 Rc8 21. Kb1 dxe4 22. fxe4 Bxe4+ {1-0 (43) Fuchs,J (2291)-Brunner,N (2425) Martigny 2015}) 18... Nf6 $1 $36 {[%cal Rf6e4,Bd7f6,Bf6g4,Bg4f2][%mdl 2080] Black is on the roll.} 19. Bg2 Qc4 20. e5 $2 {[%mdl 8192]} (20. Qd3 $17 {is a better chance.} Qxb4 21. exd5 Nxd5 22. Qb3) 20... Bxb4 $19 21. Qd3 Qa2 {[%cal Ra2a1]} 22. Nb3 Nxg4 23. Bd4 Rc8 24. Bf3 $2 {[#]} (24. Na1 Nf2 25. Qb3 Qa3+ 26. Bb2 Qxb3 27. Nxb3 Nxd1 28. Kxd1) 24... Nf2 $1 {[%mdl 512] Black is clearly winning.} 25. Bxf2 Rc3 {Threatens to win with ...Qxb3.} 26. Qxc3 (26. Bd4 $142 Rxd3 27. Rxd3) 26... Bxc3 {[%csl Gc3][%cal Ra2b2]} 27. Rd3 Qb2+ 28. Kd1 O-O 29. Be3 {intending Bc1.} Rc8 30. Bc1 Qb1 31. Rg2 Bb2 32. f5 exf5 33. Bxd5 Bxd5 34. Rxd5 Rb8 {Precision: White = 23%, Black = 77%.} 0-1

[Event "7th RTU Open 2017"]
[Site "Riga"]
[Date "2017.08.08"]
[Round "2"]
[White "Migot, Tangi"]
[Black "Ghosh, Diptayan"]
[Result "1/2-1/2"]
[WhiteElo "2360"]
[BlackElo "2562"]
[Annotator "TA"]
[PlyCount "80"]
[EventDate "2017.??.??"]
[EventType "swiss"]
[EventCountry "LAT"]
[SourceTitle "playchess.com"]
[Source "ChessBase"]
[SourceQuality "1"]

{[%evp 30,80,21,20,23,25,22,23,27,0,0,0,0,-16,0,0,0,-39,-41,-31,-12,-45,-38,-37,-45,-40,-20,-42,-37,-54,0,0,0,0,0,0,0,0,0,0,0,0,0,-4,-5,-17,0,0,0,12,91,33,41]} 1. e4 e5 2. Nf3 Nc6 3. Bb5 a6 4. Ba4 Nf6 5. O-O Be7 6. Re1 b5 7. Bb3 d6 8. c3 O-O 9. h3 Nb8 10. d4 Nbd7 11. Nbd2 Bb7 12. Bc2 Re8 13. a4 Bf8 14. Bd3 c6 15. b3 g6 16. Bb2 {LiveBook: 97 Games} Nh5 {C95: Closed Ruy Lopez: Breyer Variation with 10 d4} 17. Bf1 Qc7 18. Qc2 Nf4 {White has an edge.} 19. c4 {[%cal Rc4b5]} bxa4 20. Rxa4 exd4 {[#]} 21. Nxd4 $146 ({Predecessor:} 21. g3 Ne6 22. Nxd4 Nec5 {½-½ (34) Gashimov,V (2740)-McShane,L (2615) Novi Sad 2009}) 21... c5 22. N4f3 Ne6 (22... Bc6 $5 {[%cal Rc6a4]} 23. Ra3 (23. Qc3 Ne5 $11) 23... Ne5 $11) 23. g3 Ne5 {[%cal Bd7e5,Be5c6,Bc6b4][%mdl 32]} 24. h4 Nc6 25. Bh3 Nb4 26. Qb1 ({Avoid the trap} 26. Qc3 $2 Bg7 $19) 26... Bc6 27. Ra1 a5 28. e5 dxe5 (28... Nd4 $5 29. Bxd4 (29. Nxd4 cxd4 30. e6 Bg7 $15) 29... cxd4 30. Nxd4 dxe5 31. Nxc6 Nxc6 $11) 29. Nxe5 Nd4 ({Black should try} 29... Bb7 $15 30. Bg2 Bxg2 31. Kxg2 Bg7) 30. Bxd4 $11 cxd4 31. Nxc6 Nxc6 32. Bg2 $1 Bb4 33. Qd3 Bc3 34. Bxc6 Qxc6 35. Rxe8+ Rxe8 36. Rd1 Qb7 37. Qf3 Qe7 {[#] And now ...Bxd2 would win.} 38. Kg2 Kg7 39. Nb1 Qb4 (39... Ba1 $1 $11 {remains equal.}) 40. Nxc3 (40. h5 $16) 40... dxc3 {Precision: White = 65%, Black = 61%.} 1/2-1/2

[Event "7th RTU Open 2017"]
[Site "Riga"]
[Date "2017.08.08"]
[Round "2"]
[White "Sanders, Isaac B"]
[Black "Boruchovsky, Avital"]
[Result "1-0"]
[WhiteElo "2359"]
[BlackElo "2556"]
[Annotator "TA"]
[PlyCount "65"]
[EventDate "2017.??.??"]
[EventType "swiss"]
[EventCountry "LAT"]
[SourceTitle "playchess.com"]
[Source "ChessBase"]
[SourceQuality "1"]

{[%evp 15,65,-4,0,-15,2,-22,12,31,42,0,0,0,0,0,0,0,212,212,212,201,207,214,430,426,1239,1218,5689,1125,1106,427,980,983,943,481,880,301,304,298,297,287,460,458,451,431,391,381,406,382,397,382,530,524]} 1. e4 c5 2. Nc3 d6 3. f4 Nc6 4. Nf3 g6 5. Bc4 Bg7 6. O-O e6 7. d3 Nge7 8. Qe1 a6 9. Qh4 {B23: Closed Sicilian: Lines without g3} (9. Bb3 h6 10. Qg3 Na5 11. f5 exf5 12. Bf4 Nxb3 13. axb3 g5 14. Bxd6 f4 15. Bxf4 Bxc3 16. Bc7 Bd4+ 17. Kh1 Qd7 18. Nxd4 cxd4 19. Rf6 Ng8 20. Rf5 Ne7 21. Rf6 Ng8 {½-½ (21) Andreikin,D (2645)-Amonatov,F (2637) Dagomys 2010}) 9... b5 10. Bb3 Na5 $146 ({Find the theoretical novelty and annotate with similar games:} 10... h6 11. f5 gxf5 12. Qg3 Rg8 13. Qh3 Nd4 14. Nxd4 cxd4 15. Ne2 Bb7 16. Ng3 fxe4 17. dxe4 {1-0 (67) Muelas Cerezuela,J (2104)-Valdes Romero,L (2372) Benidorm 2004}) 11. f5 {The position is equal.} gxf5 12. Bh6 (12. Qh5 $5 {[%cal Rf3g5]}) 12... Bxh6 13. Qxh6 Nxb3 14. axb3 {And now Ng5 would win.} Bb7 $1 15. Ng5 $36 {[%mdl 2048] aiming for Qf6. White has some pressure.} Ng8 $2 (15... Kd7 $11 {and Black has nothing to worry.}) 16. Qg7 $18 {[%csl Gg5][%cal Rg7f7] [#]} Qf6 17. Nxe6 $1 Ke7 18. Rxf5 Qxe6 $2 (18... Qxg7 {was worth a try.} 19. Nxg7 Nh6) 19. Raf1 {[%cal Rf5f7]} ({Not} 19. Qxh8 Nh6 $16) 19... Nh6 (19... Rf8 $142 20. Qxh8 Nh6 21. Qf6+ Qxf6 22. Rxf6 Ng4) 20. Rf6 Qe5 21. Qxh6 (21. Rxf7+ $142 Nxf7 22. Qxf7+ Kd8 23. Qxb7) 21... Raf8 22. Qg7 (22. R1f5 $142 Qd4+ 23. Kh1) 22... Qd4+ (22... Ke8 $142 23. Qh6 b4) 23. Kh1 {[%cal Rf6f7]} Ke8 24. Qg3 Rhg8 (24... Qe5 $142 25. Qxe5+ dxe5) 25. Qxd6 $2 {[#]} (25. Qh3) 25... Qxd6 26. Rxd6 f5 {Now ...fxe4 and Black clings on.} 27. Re1 Rf7 $2 (27... fxe4 {might work better.} 28. Nxe4 Ke7) 28. exf5+ Re7 29. Rxe7+ Kxe7 30. Ne4 Bxe4 31. Re6+ Kf7 32. Rxe4 Kf6 33. g4 {Precision: White = 46%, Black = 38%.} 1-0